000 00381nam a2200145Ia 4500
008 220204s9999 xx 000 0 und d
082 _a338.43.01
_bSAD
100 _aAMARJIT SINGH, A N
245 0 _aFundamental of agricultural economics.
260 _aBombay
_bHimalaya
_c1983
650 _aAgricultural economics
650 _aFarm management
700 _aSADHU
942 _cBK
999 _c36799
_d36799